| 000 | 00776nam a2200217 i 4500 | ||
|---|---|---|---|
| 001 | 185655 | ||
| 003 | ES-MaACL | ||
| 005 | 20230906222503.0 | ||
| 008 | 160801s1910 fr |||| | fre d | ||
| 100 | 0 |
_aFaure, Jean-Louis. _948963 |
|
| 245 | 1 | 0 |
_aMaladies chirurgicales du foie et des voies biliaires / _cpar J.-L. Faure et G. Labey. |
| 260 |
_aParis : _bJ.-B. Baillière et Fils, _c1910. |
||
| 300 |
_a307 p. ; _c24 cm. |
||
| 490 | 1 |
_aNouveau traité de chirurgie clinique et opératoire ; _v27 |
|
| 650 | 4 |
_aHígado- _xEnfermedades. _9136251 |
|
| 650 | 4 |
_aVías biliares- _xCirugía. _9157094 |
|
| 700 | 0 |
_aLabey, Georges. _969233 |
|
| 830 | 0 |
_aNouveau traité de chirurgie clinique et opératoire ; _v27 _9192361 |
|
| 852 |
_aES-MaACL _jB-13563 |
||
| 999 |
_c185655 _d185655 |
||